000 00821nab a2200253 u 4500
001 13703
003 HDC
007 cr bn ---aaaaa
008 210213c mydr|nes 0 a may d
040 _aHDC
100 _aKamil Maslih
_eauthor
_98827
245 0 _aPM galak belia ceburi keusahawanan sosial /
_cby Kamil Maslih
260 _aMalaysia:
_bUtusan Malaysia,
_c2015
336 _atext
_2rdacontent
337 _acomputer
_2rdamedia
338 _aonline resource
_2rdacarrier
650 _abusiness sector
_912091
650 _aeconomy
_91877
710 _aUtusan Malaysia
856 _zRequest full-text at [email protected]
942 _2lcc
942 _cNEWS
942 _kNSWC 004522
999 _c11019
_d11019